Informatics Practices-XII (Record no. 2795)
[ view plain ]
| 000 -LEADER | |
|---|---|
| fixed length control field | 00235nam a22000857a 4500 |
| 008 - FIXED-LENGTH DATA ELEMENTS--GENERAL INFORMATION | |
| fixed length control field | 160816b xxu||||| |||| 00| 0 eng d |
| 100 ## - MAIN ENTRY--PERSONAL NAME | |
| 9 (RLIN) | 140 |
| Personal name | Sahoo R |
| 245 ## - TITLE STATEMENT | |
| Title | Informatics Practices-XII |
| 260 ## - PUBLICATION, DISTRIBUTION, ETC. (IMPRINT) | |
| Place of publication, distribution, etc. | New Delhi |
| Name of publisher, distributor, etc. | Rachna Sagar publication |
| Date of publication, distribution, etc. | 2000 |
| Withdrawn status | Lost status | Source of classification or shelving scheme | Damaged status | Koha normalized classification for sorting | Not for loan | Home library | Current library | Shelving location | Date acquired | Total Checkouts | Full call number | Barcode | Date last seen | Date last checked out | Price effective from | Koha item type |
|---|---|---|---|---|---|---|---|---|---|---|---|---|---|---|---|---|
| Dewey Decimal Classification | SAH_003_540000000000000_D10 | Good Samaritan School Library | Good Samaritan School Library | Computer Science | 08/16/2016 | 2 | SAH003.54 D-10 | SAH11549 | 08/09/2018 | 08/01/2018 | 08/16/2016 | BOOK |